Meanwhile don't push and squeeze : a year of life in China (Record no. 224205)

MARC details
000 -LEADER
fixed length control field 00313nam a2200097Ia 4500
082 ## - DEWEY DECIMAL CLASSIFICATION NUMBER
Classification number mlyd-pbel-pmac
008 - FIXED-LENGTH DATA ELEMENTS--GENERAL INFORMATION
fixed length control field 210817s9999 xx 000 0 und d
100 ## - MAIN ENTRY--PERSONAL NAME
Personal name Berold, Robert Auckland Park, South Africa, 2007
9 (RLIN) 69390
245 #0 - TITLE STATEMENT
Title Meanwhile don't push and squeeze : a year of life in China
942 ## - ADDED ENTRY ELEMENTS
item type Books
Holdings
Withdrawn status Lost status Damaged status Not for loan Home library Current library Date acquired Cost, normal purchase price Total Checkouts Barcode Date last seen Price effective from item type
        Entokozweni PL (MMID-PLEMA-ENTO) Entokozweni PL (MMID-PLEMA-ENTO) 18.08.2021 141.00   33228022885014 18.08.2021 18.08.2021 Books